[Event "SLO-ch 32nd"]
[Site "Radenci"]
[Date "2022.07.03"]
[Round "1"]
[White "Kragelj, Igor"]
[Black "Urbanc, Suzana"]
[Result "1-0"]
[WhiteElo "2164"]
[BlackElo "1696"]
[PlyCount "57"]
[EventDate "2022.07.03"]
[EventType "swiss"]
[EventRounds "9"]
[EventCountry "SLO"]
[SourceTitle "EXT 2023"]
[Source "ChessBase"]
[SourceDate "2022.10.05"]
[SourceVersion "1"]
[SourceVersionDate "2022.10.05"]
[SourceQuality "1"]

1. d4 f5 2. g3 Nf6 3. Bg2 e6 4. Nf3 c6 5. 0-0 d5 6. c4 Bd6 7. Qc2 0-0 8. Ne5 a5 9. Nd2 Na6 10. Ndf3 Nb4 11. Qd1 Ne4 12. a3 Na6 13. Qc2 c5 14. cxd5 cxd4 15. dxe6 Bxe6 16. Nxd4 Bd5 17. Nd3 Rc8 18. Qd1 Bb8 19. Be3 g5 20. f3 Nec5 21. Bh3 Nxd3 22. Qxd3 Nc5 23. Qd1 Ba7 24. Nxf5 Nb3 25. Bxa7 Nxa1 26. Qxa1 Rc6 27. Rd1 Ra6 28. Rxd5 Qxd5 29. Ne7+ 1-0

[Event "SLO-chT1 West"]
[Site "Slovenia"]
[Date "2016.11.12"]
[Round "2"]
[White "Kragelj, Igor"]
[Black "Truta, Srecko"]
[Result "1-0"]
[WhiteElo "2140"]
[BlackElo "2151"]
[PlyCount "93"]
[EventDate "2016.11.11"]
[EventType "team-tourn"]
[EventRounds "9"]
[EventCountry "SLO"]
[SourceTitle "EXT 2018"]
[Source "ChessBase"]
[SourceDate "2017.10.13"]
[SourceVersion "1"]
[SourceVersionDate "2017.10.13"]
[SourceQuality "1"]
[WhiteTeam "Komenda"]
[BlackTeam "Gorenjka Lesce"]
[WhiteTeamCountry "SLO"]
[BlackTeamCountry "SLO"]

1. d4 Nf6 2. c4 e6 3. Nf3 b6 4. g3 Bb7 5. Bg2 Be7 6. 0-0 0-0 7. Re1 d6 8. Nc3 Ne4 9. Ng5 Nxc3 10. Qc2 Bxg5 11. Bxb7 Nd7 12. Bxa8 Qxa8 13. Qxc3 Bf6 14. Qd3 Re8 15. Bd2 e5 16. dxe5 Nxe5 17. Qc2 h5 18. h3 Qc6 19. Rac1 h4 20. g4 Ng6 21. b3 Be5 22. Qf5 Re6 23. g5 Qc5 24. Kg2 Bf4 25. Qxc5 bxc5 26. Rc2 Re5 27. Kf3 Bxg5 28. Bxg5 Rxg5 29. e3 Ne5+ 30. Ke2 Rg2 31. Rh1 f5 32. Kf1 Rg6 33. Rg1 Rxg1+ 34. Kxg1 g5 35. Kg2 g4 36. Rc1 Kf7 37. Rh1 Nf3 38. e4 Kf6 39. exf5 Kxf5 40. Rd1 Ng5 41. hxg4+ Kxg4 42. Re1 h3+ 43. Kh1 Kf3 44. Re7 c6 45. Rxa7 d5 46. Rd7 Ke4 47. a4 1-0

[Event "Styrian op-A"]
[Site "Bad Gleichenberg"]
[Date "2014.07.10"]
[Round "6"]
[White "Behling, Robert"]
[Black "Kragelj, Igor"]
[Result "1/2-1/2"]
[WhiteElo "2114"]
[BlackElo "2183"]
[PlyCount "31"]
[EventDate "2014.07.05"]
[EventType "swiss"]
[EventRounds "9"]
[EventCountry "AUT"]
[SourceTitle "CBM 161 Extra"]
[Source "ChessBase"]
[SourceDate "2014.08.29"]
[SourceVersion "1"]
[SourceVersionDate "2014.08.29"]
[SourceQuality "1"]

1. d4 Nf6 2. c4 e6 3. g3 d5 4. Nf3 dxc4 5. Bg2 Nc6 6. Qa4 Bb4+ 7. Bd2 Nd5 8. Bxb4 Ndxb4 9. 0-0 Rb8 10. Nc3 a6 11. Ne5 0-0 12. Nxc6 Nxc6 13. Bxc6 bxc6 14. Qxc4 Qd6 15. Ne4 Qd5 16. Qxd5 1/2-1/2

[Event "Styrian op-A"]
[Site "Bad Gleichenberg"]
[Date "2014.07.07"]
[Round "3"]
[White "Kragelj, Igor"]
[Black "Buckels, Valentin"]
[Result "1/2-1/2"]
[WhiteElo "2183"]
[BlackElo "2100"]
[PlyCount "54"]
[EventDate "2014.07.05"]
[EventType "swiss"]
[EventRounds "9"]
[EventCountry "AUT"]
[SourceTitle "CBM 161 Extra"]
[Source "ChessBase"]
[SourceDate "2014.08.29"]
[SourceVersion "1"]
[SourceVersionDate "2014.08.29"]
[SourceQuality "1"]

1. d4 Nf6 2. c4 e6 3. Nf3 b6 4. g3 Ba6 5. b3 b5 6. cxb5 Bxb5 7. Bg2 d5 8. 0-0 Nbd7 9. Nc3 Ba6 10. Ne5 Bd6 11. Nc6 Qc8 12. a3 0-0 13. b4 Re8 14. Re1 Nb6 15. e4 dxe4 16. Nxe4 Nbd5 17. Bb2 Bb7 18. Na5 Be7 19. Nc5 Ba6 20. Nxa6 Qxa6 21. Bf1 Qb6 22. Rc1 Bf8 23. Bd3 Rac8 24. Rc6 Qb8 25. Rc2 Qb6 26. Rc6 Qb8 27. Rc1 Qb6 1/2-1/2

[Event "Styrian op-A"]
[Site "Bad Gleichenberg"]
[Date "2014.07.06"]
[Round "2"]
[White "Gutmann, Alois"]
[Black "Kragelj, Igor"]
[Result "1/2-1/2"]
[WhiteElo "2046"]
[BlackElo "2183"]
[PlyCount "99"]
[EventDate "2014.07.05"]
[EventType "swiss"]
[EventRounds "9"]
[EventCountry "AUT"]
[SourceTitle "CBM 161 Extra"]
[Source "ChessBase"]
[SourceDate "2014.08.29"]
[SourceVersion "1"]
[SourceVersionDate "2014.08.29"]
[SourceQuality "1"]

1. Nc3 d5 2. e4 d4 3. Nce2 e5 4. Nf3 f6 5. Ng3 Be6 6. Bb5+ c6 7. Ba4 Na6 8. 0-0 Nc5 9. c3 d3 10. b4 Nxa4 11. Qxa4 b5 12. Qa6 Qb6 13. Qa5 Qxa5 14. bxa5 Nh6 15. Re1 Be7 16. Bb2 0-0 17. h3 Rfd8 18. Reb1 Rab8 19. Nf1 Nf7 20. Ne3 g6 21. Kh2 Bc5 22. Ne1 Ng5 23. f3 Bxe3 24. dxe3 Bc4 25. h4 Ne6 26. Ba3 d2 27. Be7 dxe1Q 28. Rxe1 Re8 29. Bxf6 Nc5 30. Red1 Kf7 31. Bg5 Kg7 32. Rd6 Re6 33. Rad1 Bxa2 34. h5 h6 35. Bd8 Rb7 36. hxg6 Kxg6 37. f4 Nxe4 38. Rd7 Rxd7 39. Rxd7 a6 40. g4 exf4 41. exf4 Nd6 42. f5+ Nxf5 43. gxf5+ Kxf5 44. Ra7 c5 45. Rc7 Bd5 46. Rxc5 Ke4 47. Kg3 Rc6 48. Rxc6 Bxc6 49. Be7 Kd3 50. Bb4 1/2-1/2

[Event "Wolfsberg op"]
[Site "Wolfsberg"]
[Date "2013.12.28"]
[Round "4"]
[White "Petschar, Kurt"]
[Black "Kragelj, Igor"]
[Result "1/2-1/2"]
[WhiteElo "2338"]
[BlackElo "2178"]
[PlyCount "28"]
[EventDate "2013.12.26"]
[EventType "swiss"]
[EventRounds "7"]
[EventCountry "AUT"]
[SourceTitle "CBM 158 Extra"]
[Source "ChessBase"]
[SourceDate "2014.02.28"]
[SourceVersion "1"]
[SourceVersionDate "2014.02.28"]
[SourceQuality "1"]

1. e4 c5 2. Nf3 e6 3. c3 Nf6 4. e5 Nd5 5. d4 cxd4 6. cxd4 d6 7. Bc4 Nc6 8. 0-0 Be7 9. Qe2 0-0 10. Qe4 Bd7 11. exd6 Bxd6 12. Nc3 Nf6 13. Qd3 Na5 14. Bb5 Bxb5 1/2-1/2

[Event "SLO-chT1 West"]
[Site "Ljubljana"]
[Date "2013.10.27"]
[Round "9"]
[White "Kosmac, Blaz"]
[Black "Kragelj, Igor"]
[Result "1/2-1/2"]
[WhiteElo "2154"]
[BlackElo "2181"]
[PlyCount "148"]
[EventDate "2013.09.27"]
[EventType "team-tourn"]
[EventRounds "9"]
[EventCountry "SLO"]
[SourceTitle "EXT 2019"]
[Source "ChessBase"]
[SourceDate "2018.10.10"]
[SourceVersion "1"]
[SourceVersionDate "2018.10.10"]
[SourceQuality "1"]
[WhiteTeam "Kranj Tomo Zupan"]
[BlackTeam "Komenda"]
[WhiteTeamCountry "SLO"]
[BlackTeamCountry "SLO"]

1. e4 c5 2. b3 g6 3. Bb2 Nf6 4. e5 Nd5 5. Bc4 Nb6 6. e6 f6 7. exd7+ Bxd7 8. Be2 e5 9. Bf3 Bc6 10. d3 Be7 11. Nd2 0-0 12. Ne2 Bxf3 13. Nxf3 Nc6 14. 0-0 Qd7 15. a4 Nd5 16. Re1 Rfe8 17. Nd2 Rad8 18. Nc4 Bf8 19. Nc3 Nxc3 20. Bxc3 Nd4 21. Bxd4 cxd4 22. Qd2 Qc7 23. Re2 b6 24. Qe1 Kf7 25. f3 a6 26. Qh4 Kg7 27. Rf1 b5 28. axb5 axb5 29. Nb2 Bd6 30. Nd1 f5 31. g4 Qe7 32. Qh3 Qf7 33. Nf2 Kh8 34. Nh1 Rf8 35. Ng3 Ra8 36. Qg2 Ra7 37. h4 Qc7 38. Nh1 Qc8 39. Qh3 Raf7 40. Ref2 Kg8 41. Qg2 Be7 42. g5 Qc6 43. Re2 Bd6 44. Nf2 Ra8 45. Nh3 Re7 46. Rfe1 Rae8 47. Nf2 Bb4 48. Ra1 Ra8 49. Rxa8+ Qxa8 50. Qg3 Bd6 51. Nh3 Qc6 52. Qg2 Kf7 53. Qf2 Ra7 54. Kg2 Ra1 55. Ng1 Ra8 56. Kh3 Qd5 57. Qg2 Rc8 58. f4 Qxg2+ 59. Kxg2 e4 60. dxe4 fxe4 61. Rxe4 Rxc2+ 62. Kg3 d3 63. Nf3 d2 64. Rd4 Bb4 65. Kg4 Bc3 66. Rd3 b4 67. f5 gxf5+ 68. Kxf5 Rc1 69. Nxd2 Rd1 70. Rd7+ Kg8 71. Rd8+ Kf7 72. Rd7+ Kg8 73. Rd8+ Kf7 74. Rd7+ Kg8 1/2-1/2

[Event "SLO-chT1 West"]
[Site "Ljubljana"]
[Date "2013.09.29"]
[Round "3"]
[White "Kragelj, Igor"]
[Black "Matijevic, Filip"]
[Result "1/2-1/2"]
[WhiteElo "2181"]
[BlackElo "2136"]
[PlyCount "61"]
[EventDate "2013.09.27"]
[EventType "team-tourn"]
[EventRounds "9"]
[EventCountry "SLO"]
[SourceTitle "EXT 2019"]
[Source "ChessBase"]
[SourceDate "2018.10.10"]
[SourceVersion "1"]
[SourceVersionDate "2018.10.10"]
[SourceQuality "1"]
[WhiteTeam "Komenda"]
[BlackTeam "Val Koper"]
[WhiteTeamCountry "SLO"]
[BlackTeamCountry "SLO"]

1. d4 Nf6 2. c4 g6 3. Nc3 d5 4. Nf3 Bg7 5. Qb3 dxc4 6. Qxc4 0-0 7. e4 a6 8. Be2 b5 9. Qb3 c5 10. dxc5 Be6 11. Qc2 Nbd7 12. Be3 Rc8 13. Rd1 b4 14. Nd5 Bxd5 15. exd5 Nxc5 16. 0-0 a5 17. Bb5 Nce4 18. Qb1 Nd6 19. Bc6 Nf5 20. Bg5 h6 21. Bf4 Qb6 22. Rfe1 Rfd8 23. Ne5 Qa7 24. h3 Nd6 25. Ba4 Qb7 26. Nc6 Nxd5 27. Nxd8 Rxd8 28. Bxd6 Rxd6 29. g3 Nb6 30. Rxd6 exd6 31. Bd1 1/2-1/2

[Event "Trieste op 14th"]
[Site "Trieste"]
[Date "2012.09.05"]
[Round "6"]
[White "Bisi, Samuele"]
[Black "Kragelj, Igor"]
[Result "0-1"]
[WhiteElo "2050"]
[BlackElo "2192"]
[PlyCount "66"]
[EventDate "2012.09.01"]
[EventType "swiss"]
[EventRounds "9"]
[EventCountry "ITA"]
[SourceTitle "CBM 150 Extra"]
[Source "ChessBase"]
[SourceDate "2012.10.19"]
[SourceVersion "1"]
[SourceVersionDate "2012.10.19"]
[SourceQuality "1"]

1. d4 Nf6 2. c4 e6 3. Nf3 b6 4. a3 Ba6 5. Qc2 Bb7 6. Nc3 c5 7. e4 cxd4 8. Nxd4 Bc5 9. Nb3 Nc6 10. Nxc5 bxc5 11. Be3 d6 12. Rd1 Qe7 13. Be2 0-0 14. 0-0 h6 15. f4 e5 16. Qd2 Nd4 17. Bf3 a5 18. b4 axb4 19. axb4 cxb4 20. Bxd4 bxc3 21. Bxc3 Nxe4 22. Bxe4 Bxe4 23. Rde1 f5 24. fxe5 dxe5 25. Bb4 Qa7+ 26. Kh1 Rfd8 27. Qc3 Qa2 28. Rg1 Rab8 29. Ba5 Re8 30. Ra1 Qf2 31. Rad1 Rb2 32. Rd2 Bxg2+ 33. Rxg2 Rb1+ 0-1

[Event "Trieste op 14th"]
[Site "Trieste"]
[Date "2012.09.02"]
[Round "3"]
[White "Kragelj, Igor"]
[Black "Suc, Timothy"]
[Result "1/2-1/2"]
[WhiteElo "2192"]
[BlackElo "2135"]
[PlyCount "68"]
[EventDate "2012.09.01"]
[EventType "swiss"]
[EventRounds "9"]
[EventCountry "ITA"]
[SourceTitle "CBM 150 Extra"]
[Source "ChessBase"]
[SourceDate "2012.10.19"]
[SourceVersion "1"]
[SourceVersionDate "2012.10.19"]
[SourceQuality "1"]

1. d4 d5 2. c4 e6 3. Nf3 c5 4. cxd5 exd5 5. Nc3 Nc6 6. g3 Nf6 7. Bg2 Be7 8. 0-0 0-0 9. Bg5 c4 10. Ne5 Be6 11. b3 Qa5 12. Qd2 Bb4 13. Nxc6 bxc6 14. Bxf6 gxf6 15. Rfc1 Rac8 16. bxc4 dxc4 17. a3 Bxc3 18. Qxc3 Qxc3 19. Rxc3 Rfd8 20. e3 c5 21. d5 Bxd5 22. Bxd5 Rxd5 23. Rxc4 Rb8 24. Rac1 Rb3 25. Ra4 Rb7 26. Rac4 Rd3 27. Ra4 Rc7 28. Rcc4 Kf8 29. Kf1 Ke7 30. Ke2 Rb3 31. Re4+ Kd6 32. Rf4 Ke7 33. Rfe4+ Kd7 34. Rf4 Ke7 1/2-1/2

[Event "Forni di Sopra op 3rd"]
[Site "Forni di Sopra"]
[Date "2012.06.17"]
[Round "2"]
[White "Rombaldoni, Axel"]
[Black "Kragelj, Igor"]
[Result "1-0"]
[WhiteElo "2469"]
[BlackElo "2203"]
[PlyCount "77"]
[EventDate "2012.06.16"]
[EventType "swiss"]
[EventRounds "9"]
[EventCountry "ITA"]
[SourceTitle "CBM 149 Extra"]
[Source "ChessBase"]
[SourceDate "2012.08.24"]
[SourceVersion "1"]
[SourceVersionDate "2012.08.24"]
[SourceQuality "1"]

1. d4 Nf6 2. c4 e6 3. Nf3 b6 4. a3 Bb7 5. Nc3 d5 6. Qc2 c5 7. dxc5 bxc5 8. cxd5 exd5 9. e4 d4 10. e5 Nfd7 11. Ne4 Be7 12. Bc4 Nb6 13. Bb5+ N8d7 14. b3 a6 15. Bd3 h6 16. h4 Nd5 17. Qe2 Qb8 18. b4 cxb4 19. Nxd4 Nxe5 20. Bc2 0-0 21. 0-0 Qc7 22. Nf5 Rfe8 23. axb4 Nxb4 24. Bb1 Bf8 25. Ra3 Rad8 26. Rg3 Kh8 27. Bb2 f6 28. Kh1 Ned3 29. Nxh6 Rxe4 30. Qh5 Qc5 31. Nf5+ Kg8 32. Nh6+ Kh8 33. Nf5+ Kg8 34. Bxf6 Rd5 35. Nh6+ Kh8 36. Nf5+ Kg8 37. Nh6+ Kh8 38. Qf7 Kh7 39. Rxg7+ 1-0

[Event "Trieste op 13th"]
[Site "Trieste"]
[Date "2011.09.05"]
[Round "4"]
[White "Kragelj, Igor"]
[Black "Franca, Veronika"]
[Result "1/2-1/2"]
[WhiteElo "2219"]
[BlackElo "1833"]
[PlyCount "80"]
[EventDate "2011.09.03"]
[EventType "swiss"]
[EventRounds "9"]
[EventCountry "ITA"]
[SourceTitle "CBM 144 Extra"]
[Source "ChessBase"]
[SourceDate "2011.10.28"]
[SourceVersion "1"]
[SourceVersionDate "2011.10.28"]
[SourceQuality "1"]

1. d4 Nf6 2. c4 g6 3. Nc3 Bg7 4. e4 d6 5. Nf3 0-0 6. Be2 e5 7. Be3 Ng4 8. Bg5 f6 9. Bc1 Nh6 10. dxe5 fxe5 11. 0-0 Nc6 12. h3 Nf7 13. Be3 Re8 14. Qd2 Be6 15. Rfd1 Ne7 16. Rac1 a6 17. Nd5 Qd7 18. b3 Rad8 19. Rc2 c6 20. Nxe7+ Qxe7 21. Ng5 Nxg5 22. Bxg5 Bf6 23. Be3 Bg7 24. Bg5 Bf6 25. Be3 Bg7 26. Qb4 Bf8 27. Qc3 Bg7 28. Rcd2 Rd7 29. Qc1 Red8 30. Rd3 Bf6 31. Qa3 d5 32. Bc5 Qf7 33. cxd5 cxd5 34. exd5 Rxd5 35. Rxd5 Rxd5 36. Rxd5 Bxd5 37. Be3 Qc7 38. Qc5 Qxc5 39. Bxc5 Kf7 40. Kf1 Be7 1/2-1/2

[Event "Trieste op 13th"]
[Site "Trieste"]
[Date "2011.09.04"]
[Round "3"]
[White "Laco, Giuseppe"]
[Black "Kragelj, Igor"]
[Result "1/2-1/2"]
[WhiteElo "2116"]
[BlackElo "2219"]
[PlyCount "36"]
[EventDate "2011.09.03"]
[EventType "swiss"]
[EventRounds "9"]
[EventCountry "ITA"]
[SourceTitle "CBM 144 Extra"]
[Source "ChessBase"]
[SourceDate "2011.10.28"]
[SourceVersion "1"]
[SourceVersionDate "2011.10.28"]
[SourceQuality "1"]

1. c4 c5 2. Nc3 Nc6 3. f4 g6 4. g3 Bg7 5. Bg2 e6 6. e4 d6 7. Nge2 Nge7 8. d3 0-0 9. 0-0 Bd7 10. h3 Rb8 11. Kh2 a6 12. a4 Nd4 13. Nxd4 cxd4 14. Ne2 a5 15. Rb1 Bc6 16. b3 f5 17. Ba3 Qd7 18. Qd2 Qc7 1/2-1/2

[Event "Gleisdorf op 35th"]
[Site "Gleisdorf"]
[Date "2011.06.25"]
[Round "3"]
[White "Schweitzer, Werner"]
[Black "Kragelj, Igor"]
[Result "0-1"]
[WhiteElo "2092"]
[BlackElo "2207"]
[PlyCount "68"]
[EventDate "2011.06.23"]
[EventType "swiss"]
[EventRounds "5"]
[EventCountry "AUT"]
[SourceTitle "EXT 2012"]
[Source "ChessBase"]
[SourceDate "2011.11.24"]
[SourceVersion "1"]
[SourceVersionDate "2011.11.24"]
[SourceQuality "1"]

1. e4 c5 2. Nf3 e6 3. d4 cxd4 4. Nxd4 Nc6 5. Nc3 Qc7 6. Be2 a6 7. 0-0 Nf6 8. Be3 Be7 9. f4 d6 10. Qe1 0-0 11. Kh1 Nxd4 12. Bxd4 b5 13. a3 Bb7 14. Qg3 Rad8 15. Rae1 Rd7 16. Bd3 Re8 17. Nd1 g6 18. f5 e5 19. fxg6 hxg6 20. Bc3 Nh5 21. Qg4 Bf8 22. Bd2 Bg7 23. Bg5 Re6 24. Qh4 d5 25. Ne3 dxe4 26. Bxe4 Rd4 27. Nd1 f5 28. Bxf5 Rxh4 29. Bxe6+ Kh7 30. Bxh4 Qc6 31. Bh3 Nf4 32. Rxf4 exf4 33. c3 Qd5 34. Rf1 Qh5 0-1

[Event "Tivat Vukmanovic Memorial op"]
[Site "Tivat"]
[Date "2011.04.17"]
[Round "2"]
[White "Kragelj, Igor"]
[Black "Cvetkovic, Srdjan"]
[Result "0-1"]
[WhiteElo "2207"]
[BlackElo "2408"]
[PlyCount "68"]
[EventDate "2011.04.16"]
[EventType "swiss"]
[EventRounds "9"]
[EventCountry "MNE"]
[SourceTitle "CBM 141 Extra"]
[Source "ChessBase"]
[SourceDate "2011.05.03"]
[SourceVersion "1"]
[SourceVersionDate "2011.05.03"]
[SourceQuality "1"]

1. d4 Nf6 2. c4 e6 3. Nf3 d5 4. Nc3 Nbd7 5. Bg5 h6 6. Bh4 Bb4 7. e3 c5 8. cxd5 exd5 9. Bd3 c4 10. Bxf6 Bxc3+ 11. bxc3 Nxf6 12. Be2 Qa5 13. Qc2 Bf5 14. Qb2 0-0 15. 0-0 b5 16. Ne5 Rfc8 17. a4 bxa4 18. Qb7 Qc7 19. Qxc7 Rxc7 20. Rxa4 Ne4 21. Rc1 f6 22. Nf3 Rb8 23. Ra2 Rb3 24. Rac2 a5 25. Nd2 a4 26. Nxe4 Bxe4 27. Ra2 a3 28. Rca1 Ra7 29. Rc1 Rb2 30. Rca1 Rab7 31. f3 Bd3 32. Bxd3 cxd3 33. Rxa3 Rb1+ 34. Kf2 d2 0-1

[Event "Tivat Vukmanovic Memorial op"]
[Site "Tivat"]
[Date "2011.04.16"]
[Round "1"]
[White "Jianu, Vlad Cristian"]
[Black "Kragelj, Igor"]
[Result "1/2-1/2"]
[WhiteElo "2545"]
[BlackElo "2207"]
[PlyCount "65"]
[EventDate "2011.04.16"]
[EventType "swiss"]
[EventRounds "9"]
[EventCountry "MNE"]
[SourceTitle "CBM 141 Extra"]
[Source "ChessBase"]
[SourceDate "2011.05.03"]
[SourceVersion "1"]
[SourceVersionDate "2011.05.03"]
[SourceQuality "1"]

1. d4 Nf6 2. c4 e6 3. g3 d5 4. Nf3 dxc4 5. Bg2 Nc6 6. 0-0 Rb8 7. a4 b6 8. e4 Be7 9. Nc3 0-0 10. Be3 Bb7 11. Qe2 Na5 12. Ne5 Bb4 13. Qc2 Bxc3 14. bxc3 Ne8 15. Rad1 f6 16. Nf3 Nd6 17. e5 Be4 18. Qd2 fxe5 19. dxe5 Bxf3 20. Bxf3 Rxf3 21. exd6 cxd6 22. Qe2 Rf7 23. Bf4 e5 24. Bxe5 Re7 25. f4 Qc7 26. Rxd6 Qxd6 27. Bxd6 Rxe2 28. Bxb8 Nc6 29. Bd6 Rd2 30. Ba3 Ra2 31. Bd6 Rd2 32. Ba3 Ra2 33. Bd6 1/2-1/2

[Event "Trieste op 12th"]
[Site "Trieste"]
[Date "2010.09.11"]
[Round "9"]
[White "Kragelj, Igor"]
[Black "Suc, Timothy"]
[Result "1-0"]
[WhiteElo "2226"]
[BlackElo "1993"]
[PlyCount "65"]
[EventDate "2010.09.04"]
[EventType "swiss"]
[EventRounds "9"]
[EventCountry "ITA"]
[SourceTitle "CBM 138 Extra"]
[Source "ChessBase"]
[SourceDate "2010.10.29"]
[SourceVersion "1"]
[SourceVersionDate "2010.10.29"]
[SourceQuality "1"]

1. d4 e6 2. c4 f5 3. g3 Nf6 4. Bg2 Be7 5. Nf3 0-0 6. 0-0 d6 7. b3 Ne4 8. Bb2 Bf6 9. Nbd2 Nc6 10. Ne1 Nxd2 11. Qxd2 e5 12. Bd5+ Kh8 13. Bxc6 bxc6 14. dxe5 dxe5 15. Qxd8 Rxd8 16. Nd3 Re8 17. f4 e4 18. Bxf6 exd3 19. Be5 dxe2 20. Rfe1 Kg8 21. Bxc7 Bb7 22. Kf2 Kf7 23. Rxe2 Rxe2+ 24. Kxe2 Re8+ 25. Be5 Rd8 26. Rd1 Rxd1 27. Kxd1 g6 28. Kd2 Ke6 29. Bd4 a6 30. Kc3 Kd6 31. Be5+ Kc5 32. Bc7 a5 33. a3 1-0

[Event "Trieste op 12th"]
[Site "Trieste"]
[Date "2010.09.08"]
[Round "6"]
[White "Kragelj, Igor"]
[Black "Vidic, Miha"]
[Result "1/2-1/2"]
[WhiteElo "2226"]
[BlackElo "2020"]
[PlyCount "47"]
[EventDate "2010.09.04"]
[EventType "swiss"]
[EventRounds "9"]
[EventCountry "ITA"]
[SourceTitle "CBM 138 Extra"]
[Source "ChessBase"]
[SourceDate "2010.10.29"]
[SourceVersion "1"]
[SourceVersionDate "2010.10.29"]
[SourceQuality "1"]

1. d4 d5 2. c4 c6 3. Nf3 Nf6 4. Nc3 dxc4 5. a4 Bf5 6. Ne5 Nbd7 7. Nxc4 Qc7 8. g3 e5 9. dxe5 Nxe5 10. Bf4 Nfd7 11. Bg2 g5 12. Ne3 gxf4 13. Nxf5 0-0-0 14. Qc2 Kb8 15. 0-0-0 Ng4 16. Ne4 Qa5 17. h3 Qxf5 18. hxg4 Qe5 19. gxf4 Qxf4+ 20. e3 Qe5 21. g5 Bg7 22. f4 Qe7 23. Rd3 Nb6 24. Rhd1 1/2-1/2